Fascism.

محفوظ في:

التنسيق: دورية

اللغة: Undetermined

الموضوعات:

الوصول للمادة أونلاين: Login to view Source

الوسوم: إضافة وسم

لا توجد وسوم, كن أول من يضع وسما على هذه التسجيلة!

رقم الطلب:

LEADER 00503nms a2200181Ia 4500
005 20240402052331.0
008 240131s9999||||xx |||||||||||||||||und||
999 |c 56388  |d 56388 
022 |a 2211-6249 
022 |a 2211-6257 
245 0 0 |a Fascism. 
336 |2 rdacontent  |a text  |b txt 
337 |2 rdamedia  |a unmediated  |b n 
338 |2 rdacarrier  |a volume  |b n 
500 |a BRILLBRILLJ 
650 4 |a Social & cultural history. 
856 |z FASC  |u https://brill.com/view/journals/fasc/fasc-overview.xml 
942 |2 lcc  |c EJL